|
|
|
|
| LEADER |
00000nab a2200000 a 4500 |
| 001 |
vtls009478348 |
| 003 |
SK-MaSNL |
| 005 |
20260304212056.0 |
| 008 |
250506c2008 xo mr|p|||||||000 b|slo |
| 015 |
|
|
|a SNBRB2009/02
|2 snkbucl
|
| 035 |
|
|
|a (sysno)vtls009478348
|
| 035 |
|
|
|a urn:nbn:sk:snk-ab7181
|
| 035 |
|
|
|a (uuid)dd9fff9d-4897-47df-ae0e-ebd49825e054
|
| 035 |
|
|
|a (urnnbn)urn:nbn:sk:snk:ar-a06i17
|
| 038 |
|
|
|a SNKBUCL
|
| 040 |
|
|
|a SNKBUCL
|b slo
|c SNKBUCL
|e AACR2
|
| 041 |
0 |
|
|a slo
|b eng
|
| 044 |
|
|
|a xo
|c SK
|
| 080 |
|
|
|a 27-9"14/15"
|2 2001
|
| 080 |
|
|
|a 2-277.2
|2 2001
|
| 100 |
1 |
|
|a Hanes, Pavel,
|d 1954-
|4 aut
|9 209806
|
| 245 |
1 |
0 |
|a Hermeneutika reformačného princípu "sola scriptura"
|c Pavel Hanes
|
| 504 |
|
|
|a Bibliogr. odkazy
|
| 546 |
|
|
|a Res. angl.
|
| 650 |
0 |
7 |
|a reformácia
|2 snkbucl
|9 247352
|
| 650 |
0 |
7 |
|a hermeneutika
|2 snkbucl
|9 18580
|
| 773 |
0 |
|
|t Evanjelikálny teologický časopis
|g Roč. VII, č. 2 (2008), s. 16-27
|x 1336-1783
|
| 850 |
|
|
|a Slovenská národná knižnica
|
| 852 |
|
|
|a Slovenská národná knižnica
|
| 954 |
|
|
|a odborná, vedecká literatúra pôvodná (slovenská)
|2 lita
|
| 958 |
|
|
|a article27
|
| 958 |
|
|
|a OND
|
| 958 |
|
|
|a SK
|
| 958 |
|
|
|a NT
|
| 958 |
|
|
|a NB
|
| 958 |
|
|
|a EUIPO
|
| 999 |
|
|
|c 3129852
|d 3131782
|